[Event "Agneaux St Lo op 20th"]
[Site "Agneaux"]
[Date "2018.07.11"]
[Round "6"]
[White "Mathet, Jeremy"]
[Black "Navrotescu, Andreea Cristiana"]
[Result "0-1"]
[WhiteElo "1988"]
[BlackElo "2182"]
[PlyCount "74"]
[EventDate "2018.07.07"]
[EventType "swiss"]
[EventRounds "9"]
[EventCountry "FRA"]
[SourceTitle "CBM 185 Extra"]
[Source "ChessBase"]
[SourceDate "2018.07.29"]
[SourceVersion "1"]
[SourceVersionDate "2018.07.29"]
[SourceQuality "1"]

1. d4 e6 2. Nf3 b6 3. c4 Bb7 4. g3 Bb4+ 5. Bd2 Bxf3 6. exf3 Bxd2+ 7. Qxd2 d5 8. b3 Ne7 9. Bg2 c6 10. Nc3 0-0 11. 0-0 Nd7 12. f4 Nf6 13. Rfd1 Qd6 14. Na4 dxc4 15. bxc4 Rfd8 16. Nc3 Rac8 17. Qe1 Rd7 18. Rac1 Rcd8 19. Rb1 Qa3 20. Rb3 Qa5 21. Qe5 c5 22. d5 exd5 23. Nxd5 Nfxd5 24. Bxd5 Nxd5 25. Rxd5 Rxd5 26. cxd5 Qxa2 27. Re3 h6 28. d6 Qd2 29. Qe7 Qxd6 30. Qxa7 c4 31. Re7 c3 32. Rc7 c2 33. Kg2 Qd5+ 34. Kh3 Qf5+ 35. Kg2 Qe4+ 36. Kh3 Rd5 37. Rxf7 Qe6+ 0-1